000 00874nam0a2200277 4500
001 RU\NLR\b_ik\172812
005 20260419030342.0
010 _a978-5-8112-3226-0
035 _a(NLR Aleph) 002245498
090 _a3616594
_c3616594
100 _a20081006d2008 |||y0rusy50 ca
101 0 _aeng
102 _aRU
105 _aa |||||||||
200 1 _aHotel
_e[a novel]
_fArthur Hailey
210 _aМосква
_cАйрис пресс
_d2008
215 _a384 с.
_cил.
_d16
225 1 _aЧитаем в оригинале
_iEnglish
606 1 _aАнглийский язык
_jКниги для чтения
_9972309
_3RU\NLR\AUTH\6646032
686 1 _aШ143.21-93рус91
700 1 _4070
_8eng
_7ba
_aHailey
_bА.
_f1920-2004
_gArthur
_3RU\NLR\AUTH\7751519
_934452
801 0 _aRU
_bNLR
_c20081006
_gRCR
942 _cBOOK
980 _aNB